00812nam a2200241Ia 4500003000400000005001700004008004100021020001300062040001800075041000800093082002100101100002800122245005800150250000800208260005300216300002700269650003400296650004400330650003400374942003400408999001900442952010900461OSt20260121112355.0210716s1987 xx 000 0 und d a70506019 cAIMIT LIBRARY aeng a006.62 21bPOWJ aPowers, John H.9252062 aComputer automated manufacturing /cBy John H Powers. a1st aNew Delhi :bMc Graw Hill Book Company ,c1987. avii,310p. ;bPBc27 cm aComputer technologies9252063 aComputer -automated engineering9252064 aManufacturing systems9252065 2ddccBKe1st ed.k006.62 POWJ c180927d180927 001040708MCAaAIMITbAIMITd2021-07-16l0o006.62 POWJpMCA00435r2025-07-21 00:00:00w2021-07-16yBK